El Proceso de integración europeo
Guardado en:
| Institution som forfatter: | |
|---|---|
| Format: | Texto |
| Udgivet: |
San José:
FLACSO
|
| Tags: |
Tilføj Tag
Ingen Tags, Vær først til at tagge denne postø!
|
MARC
| LEADER | 00000 a a2200000 04500 | ||
|---|---|---|---|
| 001 | 23468 | ||
| 003 | |||
| 040 | |||
| 020 | |a 9977-68-045-0 | ||
| 090 | |a 162700 | ||
| 110 | |a Comisión de las Comunidades Europeas. Programa de Formación de Periodistas Centroamericanos en Temas de la Comunidad Europea. 1er. Seminario 25/28 de mayo de 1993 | ||
| 245 | |a El Proceso de integración europeo | ||
| 260 | |a San José: |b FLACSO | ||
| 300 | |a 116 p.; n. 1 | ||
| 999 | |c 16071 |d 16071 | ||



